000 00380nam a2200145Ia 4500
008 221030s9999 xx 000 0 und d
020 _a8126519842
041 _aEnglish
100 _aR. K. Maurya
245 0 _aComputer Graphics with Virtual Reality Systems
_cby R. K. Maurya
260 _bWiley India
_aNew Delhi
_c2013
300 _a486
650 _aBE Computer
942 _cBK
999 _c15639
_d15639